| 000 | 00804nam a2200253 a 4500 | ||
|---|---|---|---|
| 001 | 000020256 | ||
| 003 | DO-SdBNP | ||
| 005 | 20150806151635.0 | ||
| 008 | 100802s2004 dr ac 000 0 spa d | ||
| 020 | _a8482615394 | ||
| 040 |
_aBPJMB _bspa _cBPJMB |
||
| 092 |
_a372.61 _bG943d |
||
| 245 | 0 | 0 |
_aEspañol 8 : _bguía didáctica / _cdirección editorial Obdulia García de Escobar. |
| 260 |
_aSanto Domingo : _bSantillana, _c2004. |
||
| 300 |
_a207 p. : _bil., retrs. ; _c28 cm. |
||
| 490 | 1 |
_aÁmbar _vv. 8 |
|
| 500 | _aEducación básica | ||
| 650 | 4 |
_aESPAÑOL _xENSEÑANZA _zREPÚBLICA DOMINICANA |
|
| 700 | 1 |
_aGarcía Escobar, Obdulia de, _edir. ed. |
|
| 830 | 0 |
_aÁmbar _nno. 8 |
|
| 942 |
_2ddc _cBK |
||
| 956 |
_aBTAVAREZ _b10 _c20100802 _lBND02 _h1225 |
||
| 956 |
_aARIVERA _b10 _c20100802 _lBND02 _h1345 |
||
| 999 |
_c7957 _d7957 |
||